Statistics for Most Bowl Appearances

Click here to take the quiz!

General Stats

  • This quiz has been taken 2,283 times
    (2,204 since last reset)
  • The average score is 19 of 26

Answer Stats

AppearancesTeamRecordLast Bowl Season% Correct
61Alabama34-23-1*2013
98%
40Florida20-20-02012
93%
43Michigan20-23-02013
93%
43Ohio State19-24-02013
92%
52Texas27-23-22013
92%
49Southern California32-17-02013
90%
47Oklahoma28-18-12013
88%
41Florida State25-14-22013
87%
49Georgia27-19-32013
83%
45LSU23-21-12013
80%
33UCLA15-17-12013
80%
33Notre Dame16-17-02013
79%
38Auburn22-14-22013
78%
44Penn State21-15-2*2011
78%
35Miami (FL)18-17-02013
74%
50Nebraska25-25-02013
74%
49Tennessee25-24-02010
71%
36Clemson18-18-02013
68%
33Washington16-16-12013
65%
35Texas A&M16-19-02013
63%
35MIssissippi23-12-02013
59%
42Georgia Tech23-19-02013
52%
39Arkansas13-23-32011
51%
32Brigham Young13-18-12013
40%
36Texas Tech14-21-12013
40%
32West Virginia14-18-02012
37%

Score Distribution

Percentile by Number Answered

Percent of People with Each Score

Your Score History

You have not taken this quiz since the last reset